Vista normal Vista MARC

Entrada Personal Name

Número de registros utilizados en: 2

001 - CONTROL NUMBER

  • control field: 12625

003 - CONTROL NUMBER IDENTIFIER

  • control field: OSt

005 - DATE AND TIME OF LATEST TRANSACTION

  • control field: 20210104152150.0

008 - FIXED-LENGTH DATA ELEMENTS

  • fixed length control field: 210104|| aca||aabn | a|a d

040 ## - CATALOGING SOURCE

  • Original cataloging agency: OSt
  • Transcribing agency: OSt

100 ## - HEADING--PERSONAL NAME

  • Personal name: Indecona, Alfonso

670 ## - SOURCE DATA FOUND

  • Source citation: Work cat.: (OSt): Coelho, Paulo, 1947 autor 6578, A orillas del río piedra me senté y lloré / , ©1996